Mathematical methods in the physical science (Record no. 17019)

000 -LEADER
fixed length control field 00273nam a22001097a 4500
008 - FIXED-LENGTH DATA ELEMENTS--GENERAL INFORMATION
fixed length control field 140219t xxu||||| |||| 00| 0 eng d
100 ## - MAIN ENTRY--PERSONAL NAME
Personal name Mary L. Boas
9 (RLIN) 762
245 ## - TITLE STATEMENT
Title Mathematical methods in the physical science
250 ## - EDITION STATEMENT
Edition statement third edition
300 ## - PHYSICAL DESCRIPTION
Extent 837
942 ## - ADDED ENTRY ELEMENTS (KOHA)
Source of classification or shelving scheme
Koha item type Book
Holdings
Withdrawn status Lost status Source of classification or shelving scheme Damaged status Not for loan Collection code Permanent Location Current Location Date acquired Total Checkouts Full call number Barcode Date last seen Price effective from Koha item type
            Atta-ur-Rahman School of Applied Biosciences (ASAB) Atta-ur-Rahman School of Applied Biosciences (ASAB) 02/19/2014   510.1 BOA ASAB171 04/28/2017 02/19/2014 Book
            Atta-ur-Rahman School of Applied Biosciences (ASAB) Atta-ur-Rahman School of Applied Biosciences (ASAB) 04/28/2017   510.1 BOA ASAB172 04/28/2017 04/28/2017 Book
© 2023 Central Library, National University of Sciences and Technology. All Rights Reserved.